| Registos Bibliográficos associados ao registo de autoridade |
|
Etiqueta de registo: 00000nam 2200025 450 001 1969158 003 http://id.bnportugal.gov.pt/bib/catbnp/1969158 010 ## $a978-958-8845-80-7 100 ## $a20170809d2016 m y0pory01030103ba 101 0# $aspa$cpor 102 ## $aCO 105 ## $ay z 000ay 106 ## $ar 200 1# $aVas siempre demasiado lejos$fDulce Maria Cardoso$gtrad. Ana Lucía de Bastos$gil. Verónica Cardona López 205 ## $a1ª ed 210 #9 $aMedellín$cTragaluz Editores,$d2016 215 ## $a289, [7] p.$d23 cm 225 2# $aLusitania$v14 304 ## $aTít. orig.: Os meus sentimentos 675 ## $a821.134.3-31"20"$vBN$zpor$31044234 700 #1 $aCardoso,$bDulce Maria,$f1964-$31057252 702 #1 $aBastos,$bAna Lucía de$f1983-$4730$31697697 702 #1 $aCardona Lopéz,$bVeronica$31697698 801 #0 $aPT$bBN$gRPC 966 ## $lBN$mFGMON$pDGLAB$sL. 159582 V.$x3 973 ## $canasil$d20220310 974 ## $e0$d20220310$vrsimoes
Etiqueta de registo: 00000nam 2200025 450 001 2164966 003 http://id.bnportugal.gov.pt/bib/catbnp/2164966 010 ## $a978-958-5463-65-3 100 ## $a20240423d2022 m y0pory01030103ba 101 1# $aspa$cpor 102 ## $aCO 105 ## $aa z 000ay 106 ## $ar 200 1# $a El plantador de calabazas (sonata para una neblina)$fLuís Cardoso$gtrad. y notas Renato Sandoval Bacigalupo$gil. Verónica Cardona Lopéz 205 ## $a1ª ed 210 #9 $aMedelin$cTragaluz,$d2022 215 ## $a140, [4] p.$cil.$d23 cm 225 2# $aLusitania$v22 675 ## $a821.134.3(594.9)-31"19/20"$vBN$zpor$31523004 700 #1 $aCardoso,$bLuís,$f1958-$3287108 702 #1 $aLopéz,$bRenato Sandoval,$f1957-$4730$31914435 702 #1 $aCardona Lopéz,$bVeronica$4440$31697698 801 #0 $aPT$bBN$gRPC 966 ## $lBN$mFGMON$sL. 180375 V.$x3 971 ## $ccsilva$d20240423 972 ## $e0$z0$d20260325$vlrevez 973 ## $cigoulao$d20260128 974 ## $e0$d20260130$vrsimoes
Etiqueta de registo: 00000nam 2200025 450 001 2283132 003 http://id.bnportugal.gov.pt/bib/catbnp/2283132 010 ## $a978-958-5463-83-7 100 ## $a20260622d2024 m y0pory01030103ba 101 1# $aspa$cpor 102 ## $aCO 105 ## $aa z 000yy 106 ## $ar 200 1# $aGalveias$fJosé Luís Peixoto$gtrad. Pilar del Río, António Sáez Delgado$gil. Verónica Cardona López 205 ## $a2ª ed 210 #9 $aMedellín$cTragaluz,$d2024 215 ## $a222, [6] p.$cil.$d23 cm 225 2# $aLusitania$v25 700 #1 $aPeixoto,$bJosé Luís,$f1974-$3180963 702 #1 $aDel Río,$bPilar,$f1950-$4730$3811668 702 #1 $aSáez Delgado,$bAntónio,$f1970-$4730$3961046 702 #1 $aCardona Lopéz,$bVeronica$4440$31697698 801 #0 $aPT$bBN$gRPC 966 ## $lBN$mFGMON$pDGLAB$x3 971 ## $corlando$d20260622 975 ## $e0$d20260624$viquintas
|
|
|